000 00753nam a22001217a 4500
040 _cRUA
082 _aLMA TAY 2025 B701 Or.1
100 _aTAY NGOY, តៃ ង៉ុយ
245 _aStdudy of method detting out boundary measurement for using by dgps sino gnss t300 plus in sankat setbou, takhmau city, kandal province, សិក្សាពីវិធីសាស្រ្តវាស់វែងស្វែងរកចំណុចព្រំដីដោយប្រើប្រាស់ឧបករណ៍ DGPS SINO GNSS T300 PLUS ស្ថិតនៅ សង្កាត់សិត្បូ ក្រុងតាខ្មៅ ខេត្តកណ្ដាល
260 _aPHNOM PENH
_bRUA
_c2025
300 _axii,77.
_bill.
_c29cm.
942 _cLMA
999 _c25764
_d25764